| 000 | 00509nam a2200181Ia 4500 | ||
|---|---|---|---|
| 003 | OSt | ||
| 005 | 20240529152730.0 | ||
| 008 | 210210b xxu||||| |||| 00| 0 eng d | ||
| 040 | _cAL | ||
| 041 | _aKannada | ||
| 082 | _a852/285 | ||
| 100 |
_aJAMES FREDARIK (E) _9158215 _d ಜೇಮ್ಸ್ ಫ್ರೆಡೆರಿಕ್ (ಇ ) |
||
| 245 |
_aArogya Sangrama _bಆರೋಗ್ಯ ಸಂಗ್ರಾಮ |
||
| 260 |
_aBengaluru _b- |
||
| 690 |
_aKannada Prose _9158216 |
||
| 906 | _a018853 | ||
| 942 |
_2ddc _cBK |
||
| 999 |
_c142561 _d142561 |
||